Efecto materno sobre cararterísticas morfo-fisiológicas de semillas y plántulas de Buglossoides arvensis L. /

Guardado en:
Otros Autores: Longás, María de las Mercedes. (Disertante), Sabbatini, Mario Ricardo. (Orientador), Chantre, Guillermo Rubén. (Orientador)
Formato: Manuscrito
Idioma:Spanish
Publicado: 2018.
Materias:
Acceso en línea:Texto completo
Etiquetas: Agregar Etiqueta
Sin Etiquetas, Sea el primero en etiquetar este registro!
LEADER 01443ntm a22003375a 4500
001 EEA.libagro011035
005 20181023125158.0
008 181012s2018####ag#######bm###000#0#spa#d
082 0 4 |a 040  |2 15 
082 0 4 |a 581.4  |2 15 
100 1 |a Longás, María de las Mercedes.  |4 dis 
245 1 0 |a Efecto materno sobre cararterísticas morfo-fisiológicas de semillas y plántulas de Buglossoides arvensis L. /  |c María de las Mercedes Longás. 
260 |c 2018. 
300 |a xxvii, 185 h. :  |b il. col. ;  |c 30 cm. 
500 |a "Tesis de Doctor en Agronomía". 
500 |a Director de tesis: Mario Ricardo Sabbatini y codirector: Guillermo Rubén Chantre. 
502 |a Tesis(doctoral)--Universidad Nacional del Sur. Departamento de Agronomía, 2018. 
504 |a Incluye referencias bibliográficas. 
530 |a Disponible también en formato digital 
650 7 |a Botánica.  |2 unbist 
650 7 |a Morfología vegetal.  |2 unbist 
650 7 |a Malezas.  |2 unbist 
650 7 |a Semillas.  |2 unbist 
653 |a Lithospermum arvense L. 
653 |a Plasticidad adaptativa 
653 |a Plasticidad transgeneracional 
700 1 |a Sabbatini, Mario Ricardo.  |4 ths 
700 1 |a Chantre, Guillermo Rubén.  |4 ths 
710 2 |a Universidad Nacional del Sur.  |b Departamento de Agronomía  |4 dgg. 
856 4 1 |3 Texto completo  |u http://repositoriodigital.uns.edu.ar/handle/123456789/4405 
859 |a AR-BbBCA  |b BIB. AGRONOMIA  |h 040  |i B148 2018-1602  |p 126779/018